ASOIAF Trivia: Characters Quiz Stats

 Plays Quiz not verified by Sporcle

Challenge
Share
Tweet
Embed
Score 0/50 Timer 10:00
2 Plays Today
Hint Character % Correct
Which is the only black direwolf in the Stark children's litter?Shaggydog
92.3%
An aging bachelor and renowned knight who escaped the seige of Riverrun.Brynden Tully
88.9%
How were Maester Aemon and Aegon V Targaryen related?Brothers
85.6%
Who is blamed for Lysa's death?Marillion
84.5%
Which of Mace Tyrell's bannermen is widely considered the greatest commander in the Reach?Randyll Tarly
83.1%
This man was put on Arya's 'list' for stealing Needle.Polliver
82.6%
Hapless novice at the Citadel who shares a name with a 'pig boy' of many tales.Pate
82.4%
A mysterious character bound North of the Wall by magic.Coldhands
81.2%
This former pitfighter let each of his opponents cut him once before killing them.Strong Belwas
80.8%
Who is the first character to be killed in the series?Waymar Royce
79.3%
By following (and later accompanying) Brienne, who does Podrick Payne ultimately hope to find?Tyrion Lannister
79.1%
Which son of Davos is a squire to King Stannis?Devan Seaworth
77%
Winner of the archery competition at the Hand's Tourney; later joins the Brotherhood without Banners.Anguy
76.1%
Master of Ships and Grand Admiral called the Bastard of Driftmark, he absconded with the royal fleet.Aurane Waters
76.1%
A legitimized bastard of Aegon IV, he questioned the Targaryen line of succession and began a rebellion.Daemon Blackfyre
75.1%
Who is 'Renly's ghost' during the Battle of Blackwater?Garlan Tyrell
75.1%
What does Septon Meribald call his canine companion?Dog
73.6%
Who is said to have 'a thousand eyes, and one'?Lord Bloodraven
73.4%
This 'fool' of Westerosi folklore won over a beautiful lady.Florian the Fool
73%
A recent addition to the Kingsguard, he is currently in Dorne hunting down Darkstar.Balon Swann
72.8%
Who counselled Dany prior to her entering the House of the Undying?Pyat Pree
72.8%
Though they cannot marry, he's Asha's favorite lover.Qarl the Maid
72.8%
A disinherited Ironborn lordling, infatuated with Asha Greyjoy.Tristifer Botley
68%
What Lannister disappeared on a quest to find the Valyrian steel sword Brightroar?Gerion Lannister
66.5%
Who is known for his love of reading and scholarly pursuits, an unusual interest among his native culture?Rodrik Harlaw
65.9%
Hint Character % Correct
Who is the fair-haired, glib companion of Quentyn Martell?Gerris Drinkwater
65.3%
Who is the current lord of Starfall?Edric Dayne
65.1%
Granddaughter of Wyman Manderly who advises her grandfather to broker a deal with Davos Seaworth.Wylla Manderly
63.8%
He became the maester at Dragonstone following Cressen's death.Maester Pylos
63.4%
This man claims to have thrown a dragon egg into the sea in a fit of rage.Euron Greyjoy
63.2%
What nickname does Lommy give the 'crying girl' who accompanied Arya and the boys after Yoren's death?Weasel
62.3%
Sister-in-law to Roose Bolton, she holds a grudge against the Starks.Barbrey Ryswell
60.2%
Nephew of Tywin who went missing in the bread riots of King's Landing.Tyrek Lannister
60.2%
Rude and unambitious, this Tyrell at the Citadel makes up nicknames for everyone.Lazy Leo Tyrell
59.8%
Younger brother to Balon, he died in adolescence from an infection after playing the finger dance.Urrigon Greyjoy
59.6%
Red-haired Stormlands knight who was briefly betrothed to Brienne of Tarth.Ser Ronnet Connington
58.4%
Eldest living daughter of Maege, she's charged with guarding Asha on the journey from Deepwood Motte.Alysane Mormont
58.2%
Which legendary King Beyond-the-Wall is said to have bedded a Stark king's daughter?Bael the Bard
58.2%
A widow who is kidnapped by Ramsay Snow and forced to marry him, and subsequently starves.Donella Hornwood
57.5%
This Ironborn was once known for his ability to urinate long and hard; he even named his ship the Golden Storm.Aeron Greyjoy
57.1%
Master-at-arms at the Red Keep who fled Dragonstone with young Viserys and Daenerys.Willem Darry
56.7%
The youngest 'Great Bastard,' she was said to possess unsurpassed beauty, with mismatched blue and green eyes.Shiera Seastar
56.3%
Oberyn's squire and Arianne's first lover.Daemon Sand
53.8%
A psychotic jester with the Brave Companions, he sings a song about weasel soup.Shagwell
53.3%
According to Qhorin Halfhand, if anyone can survive alone in Skirling Pass, it's this ranger of the Watch.Stonesnake
45.4%
Kennelmaster at Winterfell, he was executed by Theon Greyjoy.Farlen
43.7%
Unknown to Arya, she was betrothed to this boy prior to Robb breaking off his betrothal pact with the Freys.Elmar Frey
42%
Formerly awarded acolytes their links for ravenry; now senile, tended to by the novice Pate.Archmaester Walgrave
32.6%
The heir to the Twins, as of 'A Dance with Dragons.'Edwyn Frey
29.3%
To whom was Beric Dondarrion betrothed?Allyria Dayne
27.8%

You're not logged in!

Compare scores with friends on all Sporcle quizzes.
Join for Free
OR
Log In

You Might Also Like...

Show Comments

Extras

Top Quizzes Today


Score Distribution

Your Account Isn't Verified!

In order to create a playlist on Sporcle, you need to verify the email address you used during registration. Go to your Sporcle Settings to finish the process.

Report this User

Report this user for behavior that violates our Community Guidelines.

Details: